Východiská armádnej reformy

Medzinárodná prestíž každého štátu je posudzovaná podľa toho, ako sa podieľa na stabilite a bezpečnosti v nadregionálnom priestore. Reforma Armády SR. Proporcionálne porovnanie bežných výdavkov rozpočtu MO SR podľa ekonomického členenia v rokoch 1999-2000. Znižovanie počtu príslušníkov ASR a redislo...

Descrizione completa

Salvato in:
Dettagli Bibliografici
Autore principale: Pinter, Gejza
Natura: Capitolo di libro
Lingua:slovacco
Soggetti:
Tags: Aggiungi Tag
Nessun Tag, puoi essere il primo ad aggiungerne!!

MARC

LEADER 00000naa a2200000 4500
001 r040759
005 20230920072641.4
041 0 |a slo 
044 |a SK 
245 1 0 |a Východiská armádnej reformy  |c Gejza Pinter 
520 |a Medzinárodná prestíž každého štátu je posudzovaná podľa toho, ako sa podieľa na stabilite a bezpečnosti v nadregionálnom priestore. Reforma Armády SR. Proporcionálne porovnanie bežných výdavkov rozpočtu MO SR podľa ekonomického členenia v rokoch 1999-2000. Znižovanie počtu príslušníkov ASR a redislokácia útvarov. 
610 2 0 |a armáda 
610 2 0 |a bezpečnosť 
610 2 0 |a výdavky rozpočtu štátneho 
610 2 0 |a reformy 
610 2 0 |a ukazovatele makroekonomické 
610 2 0 |a Slovensko 
100 1 |a Pinter, Gejza